000 00873nam a2200217Ii 4500
003 JO-AjNU
008 230605s9999||||xx |||||||||||||| ||und||
017 _a1994/7697
020 _a977-01-4054-6
040 _aJO-AjNU
_bara
_erda
_cJO-AjNU
041 _aara
050 1 4 _aPN771.F7312 1994
100 3 _aتأليف فريزر،ج.س ؛ ترجمة أحمد سلامة محمد السيد الجزء الثاني,
_eauthor
_916137
245 0 0 _aالكاتب الحديث وعالمه: النصف الأول من القرن العشرن
264 3 1 _aالقاهرة: الهيئة المصرية العامة للكتاب، 1994
300 _a254ص
336 _atext
_btxt
_2rdacontent
337 _aunmediated
_bn
_2rdamedia
338 _avolume
_bnc
_2rdacarrier
650 4 _aالأدب العربي - الكتابة - الكتاب الجدد - شعر - نقد
_916138
999 _aA4715
_c8283
_d8283